Economic appraisal of sheep grazing under rubber plantation in Peninsular Malaysia (Record no. 57573)

MARC details
000 -LEADER
fixed length control field 00499nam a2200145Ia 4500
100 ## - MAIN ENTRY--AUTHOR NAME
Personal name Majid Nik Muhamad
245 #0 - TITLE STATEMENT
Title Economic appraisal of sheep grazing under rubber plantation in Peninsular Malaysia
260 ## - PUBLICATION, DISTRIBUTION, ETC. (IMPRINT)
Name of publisher In: Symposium on agroforestry systems and technologies, Bogor, Indonesia, 19-21 September 1989.
Year of publication 1989
500 ## - GENERAL NOTE
General note Source Year: 1994
700 ## - ADDED ENTRY--PERSONAL NAME
Personal name Awang Noor A G
700 ## - ADDED ENTRY--PERSONAL NAME
Personal name Hamid Jamaludin Abd
856 ## - ELECTRONIC LOCATION AND ACCESS
Uniform Resource Identifier AFA
942 ## - ADDED ENTRY ELEMENTS (KOHA)
Koha item type Journals
Holdings
Withdrawn status Lost status Damaged status Not for loan Home library Current library Shelving location Date acquired Koha item type
      Journals RRII Library RRII Library Agricultural economics 17/12/2021 Journals